Accounting information systems / (Record no. 1725)

000 -LEADER
fixed length control field 01747cam a2200349 a 4500
001 - CONTROL NUMBER
control field 15728281
003 - CONTROL NUMBER IDENTIFIER
control field OSt
005 - DATE AND TIME OF LATEST TRANSACTION
control field 20150504091254.0
008 - FIXED-LENGTH DATA ELEMENTS--GENERAL INFORMATION
fixed length control field 090507s2010 maua 001 0 eng
010 ## - LIBRARY OF CONGRESS CONTROL NUMBER
LC control number 2009019285
020 ## - INTERNATIONAL STANDARD BOOK NUMBER
International Standard Book Number 9780136097129 (alk. paper)
020 ## - INTERNATIONAL STANDARD BOOK NUMBER
International Standard Book Number 013609712X (alk. paper)
020 ## - INTERNATIONAL STANDARD BOOK NUMBER
International Standard Book Number 0136097170
020 ## - INTERNATIONAL STANDARD BOOK NUMBER
International Standard Book Number 9780136097174
035 ## - SYSTEM CONTROL NUMBER
System control number (OCoLC)ocn297149493
040 ## - CATALOGING SOURCE
Original cataloging agency DLC
Transcribing agency DLC
Modifying agency YDX
-- BTCTA
-- DLC
050 00 - LIBRARY OF CONGRESS CALL NUMBER
Classification number HF5679.B59 2010
082 00 - DEWEY DECIMAL CLASSIFICATION NUMBER
Classification number 657.0285
Edition number 22
100 1# - MAIN ENTRY--PERSONAL NAME
Personal name Bodnar, George H.
245 10 - TITLE STATEMENT
Title Accounting information systems /
Statement of responsibility, etc George H. Bodnar, William S. Hopwood.
250 ## - EDITION STATEMENT
Edition statement 10th ed.
260 ## - PUBLICATION, DISTRIBUTION, ETC. (IMPRINT)
Place of publication, distribution, etc Boston :
Name of publisher, distributor, etc Prentice Hall,
Date of publication, distribution, etc c2010.
300 ## - PHYSICAL DESCRIPTION
Extent xiv, 530 p. :
Other physical details ill. ;
Dimensions 26 cm.
500 ## - GENERAL NOTE
General note Includes index.
505 0# - FORMATTED CONTENTS NOTE
Formatted contents note Accounting information systems : an overview -- Systems techniques and documentation -- eBusiness and eCommerce -- Transaction processing and the internal control process -- Information security -- Electronic data processing systems -- Revenue cycle processes -- Procurement and human resource business processes -- The production business process -- Systems planning analysis and design -- Systems project management, implementation, operation, control -- Data management concepts -- Auditing information technology.
650 #0 - SUBJECT ADDED ENTRY--TOPICAL TERM
Topical term or geographic name as entry element Accounting
General subdivision Data processing.
650 #0 - SUBJECT ADDED ENTRY--TOPICAL TERM
Topical term or geographic name as entry element Information storage and retrieval systems
General subdivision Accounting.
700 1# - ADDED ENTRY--PERSONAL NAME
Personal name Hopwood, William S.
906 ## - LOCAL DATA ELEMENT F, LDF (RLIN)
a 7
b cbc
c orignew
d 1
e ecip
f 20
g y-gencatlg
942 ## - ADDED ENTRY ELEMENTS (KOHA)
Source of classification or shelving scheme
Koha item type Book
Holdings
Withdrawn status Lost status Source of classification or shelving scheme Damaged status Not for loan Home library Current library Date acquired Total Checkouts Full call number Barcode Date last seen Copy number Price effective from Koha item type
          Riara University Library Riara University Library 04/05/2015   HF5679.B59 2010 5669/15 04/05/2015 C.1 04/05/2015 Book

Riara University Library,
P.O. Box 49940-00100,
Nairobi, Kenya.